Statistics for Yorkshire Football Clubs in the Top 6 Tiers

Click here to take the quiz!

General Stats

  • This quiz has been taken 26 times
    (21 since last reset)
  • The average score is 12 of 15

Answer Stats

HintAnswer% Correct
WestLeeds United
100%
WestBradford City
93%
EastHull City
93%
SouthSheffield United
93%
SouthSheffield Wednesday
93%
SouthBarnsley
87%
SouthRotherham United
87%
SouthDoncaster Rovers
80%
NorthHarrogate Town
80%
WestHuddersfield Town
80%
NorthMiddlesbrough
73%
WestFC Halifax Town
67%
NorthYork City
67%
NorthScarborough Athletic
53%
WestFarsley Celtic
27%

Score Distribution

Percentile by Number Answered

Percent of People with Each Score

Your Score History

You have not taken this quiz since the last reset